000 01000nam a2200277 a 4500
001 000022935
005 20200930021900.0
008 101123s2004 mx a r 000 | spa d
020 _a9701865588
040 _aDO-SdBNP
_bspa
_cBNPHU
082 _a025.52
_bS491c, 2003
245 1 3 _aEl servicio de consulta /
_cDirección Nacional de Bibliotecas.
250 _a2a ed.
260 _aMéxico D. F. :
_bConsejo Nacional para la Cultura y las Artes(CONACULTA),
_c2004.
300 _a48 p. :
_bil. ;
_c21 cm.
490 1 _aApoyo a la Capacitación Bibliotecario
490 1 _aInstructivos
500 _asegunda reimpresión de la segunda edición
610 _aDirección Nacional de Bibliotecas
_947145
650 4 _aServicios de consulta (bibliotecas)
_947154
650 4 _aFuentes de información
_947155
730 0 _aApoyo a la Capacitación Bibliotecario
_947146
730 0 _aInstructivos
_947147
830 0 _aApoyo a la Capacitación Bibliotecario
_pInstructivos
_947156
049 _aBNGR
999 _c22432
_d22432